Dienstleistungsmanagement Strategien und Ansatzpunkte zur Schaffung von Servicequalität

Gespeichert in:
Bibliographische Detailangaben
1. Verfasser: Lehmann, Axel
Format: Buch
Sprache:Deutsch
Veröffentlicht: Stuttgart Schäffer-Poeschel 1993
Ausgabe:1. Aufl.
Schriftenreihe:Entwicklungstendenzen im Management Bd.9
Schlagworte:
Tags: Tag hinzufügen
Keine Tags, Fügen Sie das erste Tag hinzu!

MARC

LEADER 00000nam a2200000 4500
001 c011417
005 20221206075441.0
020 |a 3-8202-0868-2 
041 0 |a ger 
044 |a DE 
245 1 0 |a Dienstleistungsmanagement  |b Strategien und Ansatzpunkte zur Schaffung von Servicequalität  |c Axel Lehmann 
250 |a 1. Aufl. 
264 1 |a Stuttgart  |b Schäffer-Poeschel  |c 1993 
300 |a 117 s. 
490 1 |a Entwicklungstendenzen im Management  |v Bd.9 
830 0 |a Entwicklungstendenzen im Management  |v Bd.9 
610 2 0 |a služby 
610 2 0 |a manažment 
610 2 0 |a kvalita 
610 2 0 |a servis 
610 2 0 |a zákazníci 
610 2 0 |a stratégia podniková 
610 2 0 |a trh 
610 2 0 |a konkurencia 
100 1 |a Lehmann, Axel